000 00441nam a2200181Ia 4500
001 3162
005 20260306144900.0
008 260306t1993||||xx |||||||||||||| ||spa||
041 _aESP
082 _a261.8
_bC93
100 _aCuadrón, Alfonso A.
_eAUT
245 0 _aManual de doctrina social de la iglesia
260 _c1993
300 _axxxiv, 814 páginas :
_c24 cm.
650 _aGEN
654 _aCHU
942 _cLIB
_dJUS
_fJUS
_2ddc
_n
999 _c3162
_d3162